000 00672nam a2200205 i 4500
001 30550
003 ES-MaACL
007 t|
008 030124s1985 sp ||||1| spa d
020 _a84-7476-091-7
100 1 _aBeltrán, Miguel.
_927347
245 1 4 _aLos funcionarios ante la reforma de la Administración /
_cpor Miguel Beltrán.
250 _a[1ª ed.].
260 _aMadrid :
_bCentro de Investigaciones Sociológicas [etc.],
_c1985.
300 _a175 p. ;
_c21 cm.
490 1 _aMonografías ;
_v80
830 0 0 _aMonografías (Centro de Estudios Benaventanos "Ledo del Pozo")
_v80
_9177262
852 _aES-MaACL
_jL-8975
_bR.110552
999 _c30550
_d30550